000 00474nam a2200181Ia 4500
005 20250326125138.0
008 250326s9999 xx 000 0 und d
037 _aTextbook
040 _aFMSL
_beng
_cFMSL
041 _aeng
_2eng
084 _aX:972 L7
_qFMSL
100 _aPatil B R
245 0 _aConciliation in India
_cPatil B R
260 _aAllahabad
_bAllahabad, Chugh
_c1977
300 _a372p
942 _cTB
_hX:972 L7
999 _c1276742
_d1276742